The Incredible Japanese
Gardado en:
| Autor Principal: | |
|---|---|
| Formato: | Libro |
| Idioma: | Undetermined |
| Publicado: |
Singapore
Fedral Publications
1984
|
| Những chủ đề: | |
| Các nhãn: |
Engadir etiqueta
Sen Etiquetas, Sexa o primeiro en etiquetar este rexistro!
|
| Thư viện lưu trữ: | Trung tâm Học liệu Trường Đại học Cần Thơ |
|---|
| LEADER | 00528nam a2200193Ia 4500 | ||
|---|---|---|---|
| 001 | CTU_98295 | ||
| 008 | 210402s9999 xx 000 0 und d | ||
| 082 | |a 306.52 | ||
| 082 | |b P273 | ||
| 100 | |a Parkinson, C. Nothcote | ||
| 245 | 4 | |a The Incredible Japanese | |
| 245 | 0 | |c C. Nothcote Parkinson, M. K. Rustomji, S. A. Sapre | |
| 260 | |a Singapore | ||
| 260 | |b Fedral Publications | ||
| 260 | |c 1984 | ||
| 650 | |a Culture | ||
| 650 | |z Japan | ||
| 904 | |i Hiếu | ||
| 980 | |a Trung tâm Học liệu Trường Đại học Cần Thơ | ||